LEADER 01247nam a2200313 u 4500 001 000000030182 003 CaOOAMICUS 005 20070226112011.0 008 970910s1992 it u000 u ita u 020 $a8810205561 035 $a10768981 040 $aPUL(R)$bita 041 0 $aita$hger 100 1 $aBaldermann, Ingo.$0(OLS)http://pul/name/24362 240 10$aEinführung in die Bibel.$0(OLS)http://pul/title/41430 245 10$aIntroduzione alla Bibbia /$cIngo Baldermann. 260 $aBologna :$bEd. Dehoniane,$cc1992. 300 $a222 p. ;$c24 cm 490 1 $aLettura pastorale della Bibbia ;$v22 500 $a"Titolo originale : Einführung in die Bibel. Traduzione di Enzo Gatti". 700 1 $aGatti, Enzo.$0(OLS)http://pul/name/12204 830 0$aLettura pastorale della Bibbia ;$v22.$0(OLS)http://pul/title/27141 850 $aPUL 852 $aPUL$W1$xSL Religione 1$y3$m5 C 92$j41707$nBK-PRI$b $qStampati$B41707$CPULBib$Z2$F41707 $H $81 941 1 $a8 961 $aINV: 69454 996 $6020$a8810205561$9(OLS)http://pul/number/37877 996 $6245$aIntroduzione alla Bibbia$9(OLS)http://pul/title/41431 996 $6260$aBologna :$bEd. Dehoniane$9(OLS)http://pul/publisher/48282 LEADER 01240nam a2200277 u 4500 001 000000079978 003 CaOOAMICUS 005 20070226123609.0 008 040618s2000 dr ac u000 u spa u 020 $a9993430110 035 $a11000905 040 $aPUL$bita 100 1 $aReyes Sánchez, Miguel.$0(OLS)http://pul/name/53295 245 13$aLa creación literaria en el siglo XX /$cMiguel Reyes Sánchez. 260 $aSanto Domingo :$bBanco Central de la República Dominicana,$c2000. 300 $a261 p. :$bill., ritr. ;$c25 cm 500 $aIndice in appendice. 504 $aBibliografia in appendice. 650 4$aLetteratura moderna$ySec. XX$xStoria e critica.$0(OLS)http://pul/subject/27748 650 4$aLetteratura moderna$xBibliografia.$0(OLS)http://pul/subject/27749 850 $aPUL 852 $aPUL$W1$xSL Cons. Gen., Altre Classi 3$y75$m809. 04 REYMI 1$j102221$nBK-PRI$qDDC 21$B102221$CPULBib$Z2$F102221 $H87073 $82 941 1 $a9 996 $6020$a9993430110$9(OLS)http://pul/number/105480 996 $6245$aLa creación literaria en el siglo XX$9(OLS)http://pul/title/104774 996 $6260$aSanto Domingo :$bBanco Central de la República Dominicana$9(OLS)http://pul/publisher/75754